Migrant women transforming citizenship : (Record no. 9001)

MARC details
000 -LEADER
fixed length control field 01276cam a2200337 a 4500
001 - CONTROL NUMBER
control field 15558585
003 - CONTROL NUMBER IDENTIFIER
control field OSt
005 - DATE AND TIME OF LATEST TRANSACTION
control field 20240628094856.0
008 - FIXED-LENGTH DATA ELEMENTS--GENERAL INFORMATION
fixed length control field 081216s2009 enk b 001 0 eng
010 ## - LIBRARY OF CONGRESS CONTROL NUMBER
LC control number 2008053688
015 ## - NATIONAL BIBLIOGRAPHY NUMBER
National bibliography number GBA907978
Source bnb
016 7# - NATIONAL BIBLIOGRAPHIC AGENCY CONTROL NUMBER
Record control number 014889006
Source Uk
020 ## - INTERNATIONAL STANDARD BOOK NUMBER
International Standard Book Number 9780754674948 (alk. paper)
035 ## - SYSTEM CONTROL NUMBER
System control number (OCoLC)ocn298128751
040 ## - CATALOGING SOURCE
Transcribing agency must
043 ## - GEOGRAPHIC AREA CODE
Geographic area code e-uk---
-- e-gx---
082 00 - DEWEY DECIMAL CLASSIFICATION NUMBER
Classification number 331.544 ERE 2009
Edition number 22
100 1# - MAIN ENTRY--PERSONAL NAME
Personal name Erel, Umut.
9 (RLIN) 18271
245 10 - TITLE STATEMENT
Title Migrant women transforming citizenship :
Remainder of title life stories from Britain and Germany /
Statement of responsibility, etc. Umut Erel.
260 ## - PUBLICATION, DISTRIBUTION, ETC. (IMPRINT)
Place of publication, distribution, etc. Farnham, England ;
-- Burlington, VT :
Name of publisher, distributor, etc. Ashgate,
Date of publication, distribution, etc. c2009.
300 ## - PHYSICAL DESCRIPTION
Extent viii, 220 p. ;
Dimensions 24 cm.
440 #0 - SERIES STATEMENT/ADDED ENTRY--TITLE
Title Studies in migration and diaspora
9 (RLIN) 18272
504 ## - BIBLIOGRAPHY, ETC. NOTE
Bibliography, etc Includes bibliographical references (p. [197]-215) and index.
650 #0 - SUBJECT ADDED ENTRY--TOPICAL TERM
Topical term or geographic name as entry element Women immigrants
Geographic subdivision Great Britain
Form subdivision Case studies.
9 (RLIN) 18273
650 #0 - SUBJECT ADDED ENTRY--TOPICAL TERM
Topical term or geographic name as entry element Women immigrants
Geographic subdivision Germany
Form subdivision Case studies.
9 (RLIN) 18274
650 #0 - SUBJECT ADDED ENTRY--TOPICAL TERM
Topical term or geographic name as entry element Citizenship
Geographic subdivision Great Britain
Form subdivision Case studies.
9 (RLIN) 18275
650 #0 - SUBJECT ADDED ENTRY--TOPICAL TERM
Topical term or geographic name as entry element Citizenship
Geographic subdivision Germany
Form subdivision Case studies.
9 (RLIN) 18276
906 ## - LOCAL DATA ELEMENT F, LDF (RLIN)
a 7
b cbc
c orignew
d 1
e ecip
f 20
g y-gencatlg
942 ## - ADDED ENTRY ELEMENTS (KOHA)
Source of classification or shelving scheme Dewey Decimal Classification
Koha item type Open Shelf
Holdings
Withdrawn status Lost status Source of classification or shelving scheme Damaged status Not for loan Home library Current library Date acquired Source of acquisition Inventory number Total Checkouts Full call number Barcode Date last seen Price effective from Koha item type
    Dewey Decimal Classification     MUST Main Library MUST Main Library 28/06/2024 purchase 11/35537   331.544 ERE 2009 2024-21576 28/06/2024 28/06/2024 Open Shelf